Catálogo
 En Linea

Werner von Siemens / (Registro nro. 930)

Detalles MARC
000 -CABECERA
campo de control de longitud fija 00500cam a2200169 a 4500
001 - NÚMERO DE CONTROL
campo de control 000000939
005 - FECHA Y HORA DE LA ÚLTIMA TRANSACCIÓN
campo de control 20200929145440.0
008 - DATOS DE LONGITUD FIJA--INFORMACIÓN GENERAL
campo de control de longitud fija 751015s1966 gw a 000 0 spa
040 ## - FUENTE DE LA CATALOGACIÓN
Centro catalogador/agencia de origen DO-SdBNP
Lengua de catalogación spa
Centro/agencia transcriptor BNPHU
082 ## - NÚMERO DE LA CLASIFICACIÓN DECIMAL DEWEY
Número de clasificación 926
Número de documento/Ítem B981W
100 1# - ENTRADA PRINCIPAL--NOMBRE DE PERSONA
Nombre de persona Busse, Kurt
9 (RLIN) 3304
245 10 - MENCIÓN DE TÍTULO
Título Werner von Siemens /
Mención de responsabilidad, etc. Kurt Busse.
260 ## - PUBLICACIÓN, DISTRIBUCIÓN, ETC.
Lugar de publicación, distribución, etc. Bad Godesberg :
Nombre del editor, distribuidor, etc. Inter Nationes,
Fecha de publicación, distribución, etc. 1966.
300 ## - DESCRIPCIÓN FÍSICA
Extensión 36 p. :
Otras características físicas il. ;
Dimensiones 24 cm.
440 #0 - MENCIÓN DE SERIE/PUNTO DE ACCESO ADICIONAL--TÍTULO
Título Great Germans
9 (RLIN) 3305
600 14 - PUNTO DE ACCESO ADICIONAL DE MATERIA--NOMBRE DE PERSONA
Nombre de persona SIEMENS, WERNER VON,
Fechas asociadas al nombre 1816-1892
Subdivisión de forma BIOGRAFÍA
9 (RLIN) 3306
Existencias
Estado de retiro Estado de pérdida Restricciones de uso No para préstamo Código de colección Localización permanente Ubicación/localización actual Ubicación en estantería Fecha de adquisición Número de inventario Total de préstamos Signatura topográfica completa Código de barras Fecha visto por última vez Precio válido a partir de Tipo de ítem Koha
    Préstamo interno Préstamo en sala Dominicana de Servicio Biblioteca Nacional Pedro Henríquez Ureña Biblioteca Nacional Pedro Henríquez Ureña Depósito 17.06.2009 LF1   926 B981W 939-20 25.06.2020 25.06.2020 Libros y folletos

Con tecnología Koha